Percy Jackson and the Heroes of Olympus Quiz - Statistics

General Stats
  • This quiz has been taken 461 times
    193 since last reset
  • The average score is 8 of 10
Answer Stats
Question Answer % Correct
Who is Annabeth's mother? Athena
98%
Who is Percy's father? Poseidon
98%
Who is possessed by Kronos? Luke Castellan
97%
Who turns out to be Thalia's brother? Jason Grace
95%
What is the camp in which Percy Jackson was? Camp Half-Blood
91%
Who is the only praetor of Camp Jupiter in the Son of Neptune? Reyna Ramirez-Arellano
81%
Which giant(s) is born to oppose Neptune/Poseidon? Polybotes
68%
Which is the first monster Percy Jackson fought? Alecto/Mrs. Dodds
57%
Which giant(s) is the bane of Hecate/Trivia? Clytius
48%
Which giant(s) does Percy and Poseidon defeat? Polybotes
46%
No matching quizzes found
Score Distribution
Percent of People with Each Score
Percentile by Number Answered
Your Score History
You have not taken this quiz since the last reset